01145cam a22003617a 4500003000500000005001700005008004100022010001000063011001000073035001000083040000900093082001500102110000800117245005600125260002300181300001600204410000800220490003700228590004100265590004100306590004100347590004200388650001900430700002500449700002400474810000800498830004400506901000700550942001000557949006400567999001700631952013500648CHAP20220817043136.0971013s1987 r 00010 d a66699 a67671 a77142 cCHAP a631.2bF36 aFAO 0aConstruction and operation of small solid wall-bins aRome :bFAO,c1987 a68 p. ilus. aFAO 0aFAO. Servicios agrícolasv; 69 aBATCH-UPDb10c20130110lUCH01h0810 aBATCH-UPDb10c20130410lUCH01h0447 aBATCH-UPDb10c20130914lUCH01h0648 aCONVERSIONb10c20130109lUCH01h133714aSilos.91059650 aBodholt, Ole.9133530 aDiop, Aliou.9326500 aFAO00aFAO. Servicios agrícolasv; 69939697 aBK cLIBRO a631.2 F36bBCcFAOd-30005eFAO1gI.139722h72501i77142si c66699d66699 00104053708FAOaBCbBCcPP_FAOd2019-12-31eI.139722fLIBROi127l0o631.2 F36p-30005r2019-12-31 00:00:00w2019-12-31yLIBRO